1505 1533 1796 1315 1050 1251 1501 1294 1189 1531 1553 1233 1921 1608 1201 1695 1641 1751 1139 1554 1250 1411 1859 1540 1508 1346 1481 1112 1977 1670 1768 1884 1593 1846 1700 1922 1205 1701 1037 1111 1311 1607 1036 1194 1439 1190 1229 1616 1708 1554 1862 1358 1808 1130 1299 1390 1699 1402 1716 1749 1461 1361 1012 1512 1439 1129 1541 1367 1546 1193 1740 1455 1581 1174 1453 1451 1862 1605 1790 1595 1183 1529 1210 1073 1394 1601 1851 1573 1912 1728 1670 1279 1992 1406 1001 1009 1724 1910 1435 BCNSPRNW ULIB Ver.6.0+V

เปลี่ยนเป็นภาษาไทย

Change to English
 แสดงรายละเอียดบรรณานุกรม
  กลับหน้าหลัก

Brief Record : Get Marc (ISO 2709) : E-mail record : QR code < ปิดหน้าต่าง
LEADER : 00000nam 2200000uu 4500
001    13399111886
003     ULIB
008    110711s2549||||th 000 0 tha d
050 04 DS570.4^bค125ส 2550
110 1  จุฬาลงกรณ์มหาวิทยาลัย^bคณะสัตวแพทยศาสตร์
245 00 สมเด็จพระเจ้าพี่นางเธอ เจ้าฟ้ากัลยาณิวัฒนา กรมหลวงนราธิวาสราชนครินทร์ กับสุนัขทรงเลี้ยงวังเลอดิส/^cคณะสัตวแพทยศาสตร์ จุฬาลงกรณ์มหาวิทยาลัย
260    กรุงเทพฯ :^bจุฬาลงกรณ์มหาวิทยาลัย,^c2549
300    156 หน้า ;^c30 ซม
650  7 สมเด็จพระเจ้าพี่นางเธอ เจ้าฟ้ากัลยาณิวัฒนาฯ
650  7 สุนัขทรงเลี้ยง
945    ^p0^l0^i023344
995    ทศพร
999 ^a ใช้งานได้ทุกระบบ
รายการนี้ยังไม่มีแท็ก
คุณยังไม่ได้ล็อกอิน คุณสามารถมีกิจกรรมร่วมกับเว็บไซต์ได้ แต่ต้องล็อกอินก่อน ::
  ล็อกอิน

รายการสื่อสารสนเทศ

ลำดับที่ ประเภท เลขเรียก/บาร์โค้ด สถานที่ สถานะ
- ไม่พบข้อมูล -

BibComment


ยังไม่เคยถูกคอมเมนท์

คอมเมนท์ทรัพยากรรายการนี้
  คอมเมนท์: สมเด็จพระเจ้าพี่น..


 Copyright 2026. Bcnsprnw @Library